Normal view
MARC view
- الاسلام - الحديث النبوي
Entry Topical Term
001 - CONTROL NUMBER
- control field: 35478
003 - CONTROL NUMBER IDENTIFIER
- control field: JO-AjAnu
005 - DATE AND TIME OF LATEST TRANSACTION
- control field: 20230606075931.0
008 - FIXED-LENGTH DATA ELEMENTS
- fixed length control field: 230606|| aca||aabn | a|a d
040 ## - CATALOGING SOURCE
- Original cataloging agency: JO-AjAnu
- Transcribing agency: JO-AjAnu
150 ## - HEADING--TOPICAL TERM
- Topical term or geographic name entry element: الاسلام - الحديث النبوي
670 ## - SOURCE DATA FOUND
- Source citation: Work cat.: (JO-AjAnu)18220: العسقلاني، أحمد بن علي بن حجر؛ تحقيق أم عبدالله بنت محروس العسلي؛ اشراف وتقديم أبي عبدالله محمود بن محمد الحداد, author 35477, جزء الوقوف على ما في صحيح مسلم من الموقوف